Sčítání lidu v republice Československé ke dni 1. března 1950 Věkové složení a povolání obyvatelstva

Salvato in:
Dettagli Bibliografici
Natura: Libro
Lingua:ceco
Pubblicazione: Praha Státní úřad statistický 1958
Edizione:1. vyd.
Tags: Aggiungi Tag
Nessun Tag, puoi essere il primo ad aggiungerne!!

MARC

LEADER 00000nam a2200000 4500
001 c034781
005 20221220102648.5
041 0 |a cze 
044 |a CZ 
245 1 0 |a Sčítání lidu v republice Československé ke dni 1. března 1950  |b Věkové složení a povolání obyvatelstva 
250 |a 1. vyd. 
264 1 |a Praha  |b Státní úřad statistický  |c 1958 
300 |a 315 s.